<?xml version="1.0" encoding="UTF-8"?>
<record
    xmlns:xsi="http://www.w3.org/2001/XMLSchema-instance"
    xsi:schemaLocation="http://www.loc.gov/MARC21/slim http://www.loc.gov/standards/marcxml/schema/MARC21slim.xsd"
    xmlns="http://www.loc.gov/MARC21/slim">

  <leader>01878nam0a2200361   4500</leader>
  <controlfield tag="001">RU\NLR\BIBL_A\011313745</controlfield>
  <controlfield tag="005">20250626042243.0</controlfield>
  <datafield tag="010" ind1=" " ind2=" ">
    <subfield code="a">978-5-906042-09-5</subfield>
    <subfield code="9">1000</subfield>
  </datafield>
  <datafield tag="021" ind1=" " ind2=" ">
    <subfield code="a">RU</subfield>
    <subfield code="b">2016-99888</subfield>
    <subfield code="9">6648</subfield>
  </datafield>
  <datafield tag="035" ind1=" " ind2=" ">
    <subfield code="a">(NLR Aleph) 011313745</subfield>
  </datafield>
  <datafield tag="090" ind1=" " ind2=" ">
    <subfield code="a">11035388</subfield>
    <subfield code="c">11035388</subfield>
  </datafield>
  <datafield tag="100" ind1=" " ind2=" ">
    <subfield code="a">20170123d2016    |||y0rusy50      ca</subfield>
  </datafield>
  <datafield tag="101" ind1="0" ind2=" ">
    <subfield code="a">rus</subfield>
  </datafield>
  <datafield tag="102" ind1=" " ind2=" ">
    <subfield code="a">RU</subfield>
  </datafield>
  <datafield tag="105" ind1=" " ind2=" ">
    <subfield code="a">a|||z|||000zy</subfield>
  </datafield>
  <datafield tag="200" ind1="1" ind2=" ">
    <subfield code="a">&#x41F;&#x43E;&#x437;&#x432;&#x43E;&#x43D;&#x43E;&#x447;&#x43D;&#x43E;-&#x441;&#x43F;&#x438;&#x43D;&#x43D;&#x43E;&#x43C;&#x43E;&#x437;&#x433;&#x43E;&#x432;&#x430;&#x44F; &#x442;&#x440;&#x430;&#x432;&#x43C;&#x430; &#x443; &#x434;&#x435;&#x442;&#x435;&#x439;</subfield>
    <subfield code="e">[&#x43C;&#x43E;&#x43D;&#x43E;&#x433;&#x440;&#x430;&#x444;&#x438;&#x44F;]</subfield>
    <subfield code="f">&#x411;&#x430;&#x438;&#x43D;&#x434;&#x443;&#x440;&#x430;&#x448;&#x432;&#x438;&#x43B;&#x438; &#x410;.&#x413;., &#x412;&#x438;&#x441;&#x441;&#x430;&#x440;&#x438;&#x43E;&#x43D;&#x43E;&#x432; &#x421;.&#x412;., &#x410;&#x43B;&#x435;&#x43A;&#x441;&#x430;&#x43D;&#x434;&#x440;&#x43E;&#x432;&#x438;&#x447; &#x42E;.&#x421;., &#x41F;&#x448;&#x435;&#x43D;&#x438;&#x441;&#x43D;&#x43E;&#x432; &#x41A;.&#x412;.</subfield>
    <subfield code="g">&#x414;&#x435;&#x442;. &#x43E;&#x440;&#x442;&#x43E;&#x43F;&#x435;&#x434;. &#x438;&#x43D;-&#x442; &#x438;&#x43C;. &#x413;.&#x418;. &#x422;&#x443;&#x440;&#x43D;&#x435;&#x440;&#x430;</subfield>
  </datafield>
  <datafield tag="210" ind1=" " ind2=" ">
    <subfield code="a">&#x421;&#x430;&#x43D;&#x43A;&#x442;-&#x41F;&#x435;&#x442;&#x435;&#x440;&#x431;&#x443;&#x440;&#x433;</subfield>
    <subfield code="c">&#x41E;&#x43D;&#x43B;&#x438;-&#x41F;&#x440;&#x435;&#x441;&#x441;</subfield>
    <subfield code="d">2016</subfield>
  </datafield>
  <datafield tag="215" ind1=" " ind2=" ">
    <subfield code="a">87 &#x441;.</subfield>
    <subfield code="c">&#x438;&#x43B;., &#x446;&#x432;. &#x438;&#x43B;.</subfield>
    <subfield code="d">22</subfield>
  </datafield>
  <datafield tag="300" ind1=" " ind2=" ">
    <subfield code="a">&#x41D;&#x430; 87-&#x439; &#x441;. &#x430;&#x432;&#x442;.: &#x434;.&#x43C;.&#x43D;., &#x43F;&#x440;&#x43E;&#x444;., &#x430;&#x43A;&#x430;&#x434;. &#x411;&#x430;&#x438;&#x43D;&#x434;&#x443;&#x440;&#x430;&#x448;&#x432;&#x438;&#x43B;&#x438; &#x410;.&#x413;., &#x434;.&#x43C;.&#x43D;., &#x43F;&#x440;&#x43E;&#x444;. &#x412;&#x438;&#x441;&#x441;&#x430;&#x440;&#x438;&#x43E;&#x43D;&#x43E;&#x432; &#x421;.&#x412;., &#x434;.&#x43C;.&#x43D;., &#x43F;&#x440;&#x43E;&#x444;. &#x410;&#x43B;&#x435;&#x43A;&#x441;&#x430;&#x43D;&#x434;&#x440;&#x43E;&#x432;&#x438;&#x447; &#x42E;.&#x421;., &#x43A;.&#x43C;.&#x43D;., &#x434;&#x43E;&#x446;. &#x41F;&#x448;&#x435;&#x43D;&#x438;&#x441;&#x43D;&#x43E;&#x432; &#x41A;.&#x412;.</subfield>
  </datafield>
  <datafield tag="320" ind1=" " ind2=" ">
    <subfield code="a">&#x411;&#x438;&#x431;&#x43B;&#x438;&#x43E;&#x433;&#x440;.: &#x441;. 89-86 (136 &#x43D;&#x430;&#x437;&#x432;.)</subfield>
  </datafield>
  <datafield tag="606" ind1="1" ind2=" ">
    <subfield code="a">&#x421;&#x43F;&#x438;&#x43D;&#x43D;&#x43E;&#x439; &#x43C;&#x43E;&#x437;&#x433; &#x434;&#x435;&#x442;&#x435;&#x439;</subfield>
    <subfield code="x">&#x422;&#x440;&#x430;&#x432;&#x43C;&#x44B;</subfield>
    <subfield code="9">2304228</subfield>
    <subfield code="3">RU\NLR\AUTH\661379378</subfield>
  </datafield>
  <datafield tag="606" ind1="1" ind2=" ">
    <subfield code="a">&#x41F;&#x43E;&#x437;&#x432;&#x43E;&#x43D;&#x43E;&#x447;&#x43D;&#x438;&#x43A; &#x434;&#x435;&#x442;&#x435;&#x439;</subfield>
    <subfield code="x">&#x422;&#x440;&#x430;&#x432;&#x43C;&#x44B;</subfield>
    <subfield code="9">2304224</subfield>
    <subfield code="3">RU\NLR\AUTH\661379376</subfield>
  </datafield>
  <datafield tag="686" ind1="1" ind2=" ">
    <subfield code="a">&#x420;733.638.75</subfield>
  </datafield>
  <datafield tag="686" ind1="1" ind2=" ">
    <subfield code="a">&#x420;733.458.195.5</subfield>
  </datafield>
  <datafield tag="701" ind1=" " ind2="1">
    <subfield code="a">&#x411;&#x430;&#x438;&#x43D;&#x434;&#x443;&#x440;&#x430;&#x448;&#x432;&#x438;&#x43B;&#x438;</subfield>
    <subfield code="b">&#x410;. &#x413;.</subfield>
    <subfield code="g">&#x410;&#x43B;&#x435;&#x43A;&#x441;&#x435;&#x439; &#x413;&#x435;&#x43E;&#x440;&#x433;&#x438;&#x435;&#x432;&#x438;&#x447;</subfield>
  </datafield>
  <datafield tag="701" ind1=" " ind2="1">
    <subfield code="a">&#x412;&#x438;&#x441;&#x441;&#x430;&#x440;&#x438;&#x43E;&#x43D;&#x43E;&#x432;</subfield>
    <subfield code="b">&#x421;. &#x412;.</subfield>
    <subfield code="g">&#x421;&#x435;&#x440;&#x433;&#x435;&#x439; &#x412;&#x430;&#x43B;&#x435;&#x43D;&#x442;&#x438;&#x43D;&#x43E;&#x432;&#x438;&#x447;</subfield>
  </datafield>
  <datafield tag="701" ind1=" " ind2="1">
    <subfield code="a">&#x410;&#x43B;&#x435;&#x43A;&#x441;&#x430;&#x43D;&#x434;&#x440;&#x43E;&#x432;&#x438;&#x447;</subfield>
    <subfield code="b">&#x42E;. &#x421;.</subfield>
    <subfield code="g">&#x42E;&#x440;&#x438;&#x439; &#x421;&#x442;&#x430;&#x43D;&#x438;&#x441;&#x43B;&#x430;&#x432;&#x43E;&#x432;&#x438;&#x447;</subfield>
  </datafield>
  <datafield tag="701" ind1=" " ind2="1">
    <subfield code="a">&#x41F;&#x448;&#x435;&#x43D;&#x438;&#x441;&#x43D;&#x43E;&#x432;</subfield>
    <subfield code="b">&#x41A;. &#x412;.</subfield>
    <subfield code="g">&#x41A;&#x43E;&#x43D;&#x441;&#x442;&#x430;&#x43D;&#x442;&#x438;&#x43D; &#x412;&#x438;&#x43A;&#x442;&#x43E;&#x440;&#x43E;&#x432;&#x438;&#x447;</subfield>
  </datafield>
  <datafield tag="942" ind1=" " ind2=" ">
    <subfield code="c">BOOK</subfield>
  </datafield>
  <datafield tag="980" ind1=" " ind2=" ">
    <subfield code="a">NBR</subfield>
  </datafield>
  <datafield tag="980" ind1=" " ind2=" ">
    <subfield code="a">NB</subfield>
  </datafield>
  <datafield tag="995" ind1=" " ind2=" ">
    <subfield code="5">2017-01-23</subfield>
    <subfield code="a">ad</subfield>
    <subfield code="b">NLR01</subfield>
    <subfield code="c">NLR01</subfield>
    <subfield code="e">RF31</subfield>
    <subfield code="f">1-1669588</subfield>
    <subfield code="k">2017-6/108</subfield>
    <subfield code="o">0</subfield>
    <subfield code="r">BOOK</subfield>
    <subfield code="s">20176108_</subfield>
  </datafield>
  <datafield tag="995" ind1=" " ind2=" ">
    <subfield code="5">2017-01-23</subfield>
    <subfield code="a">ad</subfield>
    <subfield code="b">NLR01</subfield>
    <subfield code="c">NLR01</subfield>
    <subfield code="e">RF31</subfield>
    <subfield code="f">1-1669589</subfield>
    <subfield code="k">2017-6/108</subfield>
    <subfield code="o">0</subfield>
    <subfield code="r">BOOK</subfield>
    <subfield code="s">20176108_</subfield>
  </datafield>
  <datafield tag="995" ind1=" " ind2=" ">
    <subfield code="5">2017-01-26</subfield>
    <subfield code="b">NLR02</subfield>
    <subfield code="c">NLR02</subfield>
    <subfield code="e">UCHZ</subfield>
    <subfield code="f">ERR-90211</subfield>
    <subfield code="o">0</subfield>
    <subfield code="p">0.00</subfield>
    <subfield code="r">BOOK</subfield>
  </datafield>
  <datafield tag="995" ind1=" " ind2=" ">
    <subfield code="5">2017-01-26</subfield>
    <subfield code="b">NLR01</subfield>
    <subfield code="c">NLR01</subfield>
    <subfield code="e">OZTML</subfield>
    <subfield code="f">ERR-90262</subfield>
    <subfield code="o">0</subfield>
    <subfield code="p">0.00</subfield>
    <subfield code="r">BOOK</subfield>
  </datafield>
</record>
